000 00546nam a22001817a 4500
005 20251108165213.0
008 250721s1993 xx 000 0 ara d
082 1 4 _a610.695321/عبد
100 1 _aالشاعر، عبد المجيد
245 1 0 _aبنوك الدم /
264 1 _aعمان :
_bدار المستقبل للنشر و التوزيع،
_c1993.
300 _a368ص
650 1 7 _aبنوك الدم
700 1 _aجاد الله، نزار فؤاد
700 1 _aجبر، حكمت خليل
942 _2ddc
_cBK
999 _c22055
_d22055